[Event "Eesti U16"]
[Site "Narva"]
[Date "2019.05.31"]
[Round "3.8"]
[White "Kõlar, Karl Ustav"]
[Black "Rikas, Artur"]
[Result "0-1"]
[WhiteElo "1664"]
[BlackElo "1756"]
[PlyCount "92"]
[EventDate "2019.05.30"]
[EventRounds "7"]
[EventCountry "EST"]
[SourceVersionDate "2019.11.23"]

1. e4 e6 2. d4 d5 3. e5 c5 4. c3 Nc6 5. Nf3 Qb6 6. Be2 cxd4 7. cxd4 Nh6 8. Bxh6
Qxb2 9. Nc3 gxh6 10. Nb5 Qb4+ 11. Qd2 Qxd2+ 12. Kxd2 Bb4+ 13. Ke3 Rb8 14. a3
Be7 15. h4 a6 16. Nc3 b5 17. Rhb1 Bb7 18. g3 Kd7 19. Nh2 Na5 20. Ng4 Rhc8 21.
Kd2 h5 22. Nf6+ Bxf6 23. exf6 Nc4+ 24. Kd3 e5 25. Bxh5 Kd6 26. a4 exd4 27. Kxd4
Ne5 28. Be2 Nc6+ 29. Kd3 b4 30. Nd1 a5 31. Kd2 Ne5 32. Ne3 Nc4+ 33. Ke1 Nxe3
34. fxe3 Rc3 35. Kd2 Rbc8 36. Rc1 Ke5 37. Bd3 h6 38. Rf1 Rxd3+ 39. Kxd3 Ba6+
40. Kd2 Bxf1 41. Rxf1 Rc3 42. e4 dxe4 43. g4 e3+ 44. Ke2 Ke4 45. Rf5 Rc2+ 46.
Ke1 b3 0-1

[Event "Eesti U16"]
[Site "Narva"]
[Date "2019.05.31"]
[Round "3.9"]
[White "Mihhailov, Nikita"]
[Black "Nazarov, Vladislav"]
[Result "0-1"]
[WhiteElo "1691"]
[BlackElo "1755"]
[PlyCount "65"]
[EventDate "2019.05.30"]
[EventRounds "7"]
[EventCountry "EST"]
[SourceVersionDate "2019.11.23"]

1. e4 c5 2. Nf3 Nc6 3. d4 cxd4 4. Nxd4 Nf6 5. Nc3 d6 6. f3 e5 7. Nb3 Be6 8. Bg5
Be7 9. Qd2 a6 10. O-O-O b5 11. Bxf6 gxf6 12. Nd5 Rc8 13. Nxe7 Kxe7 14. f4 Bxb3
15. axb3 Nd4 16. Kb1 Rxc2 17. Qe3 Qc7 18. fxe5 dxe5 19. b4 Rc8 20. Bd3 Rxg2 21.
Qh3 Rgg8 22. Rhf1 Qd6 23. Qh4 Rg6 24. Qh3 Qe6 25. Qxe6+ fxe6 26. Rc1 Rxc1+ 27.
Kxc1 Rg2 28. Rh1 Nb3+ 29. Kb1 Nd4 30. h4 h6 31. h5 f5 32. exf5 exf5 33. Rf1 0-1

[Event "Eesti U16"]
[Site "Narva"]
[Date "2019.05.31"]
[Round "3.10"]
[White "Tõnisson, Trent Asso"]
[Black "Padari, Tuudur Jakob"]
[Result "1-0"]
[WhiteElo "1732"]
[BlackElo "1592"]
[PlyCount "35"]
[EventDate "2019.05.30"]
[EventRounds "7"]
[EventCountry "EST"]
[SourceVersionDate "2019.11.23"]

1. e4 e5 2. Nc3 Nf6 3. Bc4 Nc6 4. d3 Bb4 5. Nge2 O-O 6. Bg5 Nd4 7. O-O Nxe2+ 8.
Qxe2 c6 9. f4 Qb6+ 10. Kh1 Qd4 11. fxe5 Qxe5 12. Rf5 Qd4 13. Be3 Qd6 14. e5 Qc7
15. exf6 Bxc3 16. bxc3 d5 17. Rg5 g6 18. Qh5 1-0

[Event "Eesti U16"]
[Site "Narva"]
[Date "2019.05.31"]
[Round "3.11"]
[White "Naestema, Joonas Aditya"]
[Black "Sizov, Lev"]
[Result "1-0"]
[WhiteElo "1582"]
[BlackElo "1567"]
[PlyCount "109"]
[EventDate "2019.05.30"]
[EventRounds "7"]
[EventCountry "EST"]
[SourceVersionDate "2019.11.23"]

1. d4 d5 2. Nf3 e6 3. Bf4 c5 4. c3 Nc6 5. e3 cxd4 6. cxd4 Bb4+ 7. Nc3 Nf6 8.
Bb5 Ne4 9. O-O Bxc3 10. Bxc6+ bxc6 11. bxc3 Nxc3 12. Qc2 Ne4 13. Qxc6+ Bd7 14.
Qa6 Qb6 15. Qxb6 axb6 16. Ne5 Nc3 17. Kh1 f6 18. Nxd7 Kxd7 19. Rfc1 Rhc8 20. a3
Ne2 21. Rcb1 Nxf4 22. exf4 Rc6 23. g3 Ra4 24. Rb4 Rxb4 25. axb4 Rc4 26. b5 Rc7
27. Ra6 Rb7 28. Kg2 Kd6 29. Kf3 e5 30. fxe5+ fxe5 31. Ke3 g5 32. dxe5+ Kxe5 33.
f4+ gxf4+ 34. gxf4+ Kd6 35. Kd4 h5 36. h4 Ke6 37. f5+ Kxf5 38. Kxd5 Kg4 39.
Ra4+ Kf5 40. Kc6 Re7 41. Kxb6 Re6+ 42. Ka5 Re5 43. Rc4 Rd5 44. Kb4 Rd6 45. Kc5
Re6 46. Kb4 Rd6 47. Ka5 Rd5 48. Kb6 Ke6 49. Rc6+ Kd7 50. Rh6 Re5 51. Ka6 Rf5
52. b6 Re5 53. b7 Re1 54. b8=Q Ra1+ 55. Kb7 1-0

[Event "Eesti U16"]
[Site "Narva"]
[Date "2019.05.31"]
[Round "4.1"]
[White "Sinitsõna, Anastassia"]
[Black "Pedoson, Georg Aleksander"]
[Result "1-0"]
[WhiteElo "2126"]
[BlackElo "2179"]
[PlyCount "61"]
[EventDate "2019.05.30"]
[EventRounds "7"]
[EventCountry "EST"]
[SourceVersionDate "2019.11.23"]

1. Nf3 f5 2. g3 Nf6 3. Bg2 d6 4. c4 g6 5. b3 Bg7 6. Bb2 O-O 7. O-O e5 8. d3 Nc6
9. e3 h6 10. a3 a5 11. Qc2 g5 12. Nbd2 f4 13. exf4 gxf4 14. d4 fxg3 15. hxg3
Ng4 16. dxe5 Bf5 17. Ne4 Ncxe5 18. Nh4 Bh7 19. Qe2 Qe8 20. f4 Qd7 21. fxe5 Nxe5
22. Rxf8+ Rxf8 23. Rf1 Re8 24. Qh5 Re6 25. Nd2 Re8 26. Be4 Bxe4 27. Nxe4 Re6
28. Nf5 Bf8 29. Nd4 Rg6 30. Qxg6+ Nxg6 31. Nf6+ 1-0

[Event "Eesti U16"]
[Site "Narva"]
[Date "2019.05.31"]
[Round "4.2"]
[White "Timoshin, Andrei"]
[Black "Nikitin, Arseni"]
[Result "1-0"]
[WhiteElo "2158"]
[BlackElo "1883"]
[PlyCount "161"]
[EventDate "2019.05.30"]
[EventRounds "7"]
[EventCountry "EST"]
[SourceVersionDate "2019.11.23"]

1. e4 c5 2. Nf3 d6 3. d4 cxd4 4. Qxd4 Nc6 5. Bb5 Bd7 6. Bxc6 Bxc6 7. c4 Nf6 8.
Nc3 e6 9. O-O Be7 10. b3 a6 11. a4 Qc7 12. Ba3 O-O 13. Rfd1 Rfd8 14. Qe3 Rac8
15. h3 Bf8 16. Rac1 Qb8 17. Bb2 d5 18. cxd5 exd5 19. e5 Ne4 20. Nxe4 dxe4 21.
Ng5 Rxd1+ 22. Rxd1 b5 23. Qf4 Qb7 24. Qf5 g6 25. Qf6 Bg7 26. Rd8+ Be8 27. Qd6
Bf8 28. Qd4 Rxd8 29. Qxd8 Qe7 30. Qd2 Bh6 31. h4 Bxg5 32. hxg5 bxa4 33. bxa4
Qd7 34. Qf4 Qf5 35. Qe3 h6 36. gxh6 Kh7 37. Qd4 Qd7 38. Qxe4 Qd1+ 39. Kh2 Kxh6
40. Qf4+ Kh7 41. f3 Qb3 42. e6 Qxb2 43. exf7 Bxf7 44. Qxf7+ Kh6 45. Kg3 Qa1 46.
Qc4 Qe1+ 47. Kg4 Qa5 48. f4 Qd8 49. Qxa6 Qd1+ 50. Kh3 Qh1+ 51. Kg3 Qe1+ 52. Kf3
Qd1+ 53. Ke3 Qg1+ 54. Kf3 Qd1+ 55. Ke4 Qc2+ 56. Kd4 Qxg2 57. Qc4 Qf2+ 58. Kd5
Qf3+ 59. Kd6 Qd1+ 60. Kc7 Qe1 61. Kb6 Qg1+ 62. Ka6 Qa1 63. a5 Qf6+ 64. Kb5 Qf5+
65. Ka4 Qd7+ 66. Kb4 Qe7+ 67. Kb5 Qb7+ 68. Kc5 Qc7+ 69. Kb4 Qe7+ 70. Kb3 Qe3+
71. Kc2 Qf2+ 72. Kd1 Qf3+ 73. Qe2 Qb3+ 74. Ke1 Qg3+ 75. Kd2 Qh4 76. a6 Qd8+ 77.
Ke3 Qb6+ 78. Kf3 Qa5 79. Qh2+ Kg7 80. Qb2+ Kh6 81. Qh8# 1-0

[Event "Eesti U16"]
[Site "Narva"]
[Date "2019.05.31"]
[Round "4.3"]
[White "Aga, Rihard"]
[Black "Orgse, Karl Kristofer"]
[Result "1/2-1/2"]
[WhiteElo "2023"]
[BlackElo "1813"]
[PlyCount "52"]
[EventDate "2019.05.30"]
[EventRounds "7"]
[EventCountry "EST"]
[SourceVersionDate "2019.11.23"]

1. d4 Nf6 2. c4 e6 3. Nc3 Bb4 4. Qc2 O-O 5. a3 Bxc3+ 6. Qxc3 d6 7. Nf3 Qe7 8.
Bg5 h6 9. Bh4 g5 10. Bg3 Ne4 11. Qc2 f5 12. e3 Nd7 13. Bd3 Ndf6 14. Nd2 Nxd2
15. Qxd2 e5 16. dxe5 dxe5 17. f3 f4 18. Bf2 e4 19. Bxe4 Nxe4 20. Qd5+ Qf7 21.
Qxf7+ Rxf7 22. fxe4 Bg4 23. O-O Re8 24. exf4 Rxf4 25. Rfe1 Rfxe4 26. Rxe4 Rxe4
1/2-1/2

[Event "Eesti U16"]
[Site "Narva"]
[Date "2019.05.31"]
[Round "4.4"]
[White "Protassov, Vlad"]
[Black "Shnurov, Daniil"]
[Result "1-0"]
[WhiteElo "2006"]
[BlackElo "1719"]
[PlyCount "149"]
[EventDate "2019.05.30"]
[EventRounds "7"]
[EventCountry "EST"]
[SourceVersionDate "2019.11.23"]

1. d4 Nf6 2. c4 e6 3. g3 d5 4. Nf3 Bb4+ 5. Bd2 Bd6 6. Qc2 c6 7. Bg2 Nbd7 8. O-O
O-O 9. b3 Ne4 10. Nc3 Nxc3 11. Bxc3 f5 12. Nd2 Nf6 13. e3 Bd7 14. b4 Qe7 15. c5
Bc7 16. Rab1 a6 17. a4 e5 18. dxe5 Ng4 19. Nf3 Nxe5 20. Bd4 Nxf3+ 21. Bxf3 Be5
22. Qc3 Bxd4 23. Qxd4 Qf6 24. Qd2 Qe5 25. Rfe1 Kh8 26. Rb3 Rad8 27. Be2 Rde8
28. Bf1 h6 29. b5 axb5 30. axb5 Qf6 31. Qa5 cxb5 32. Bxb5 Bc6 33. Bf1 Ra8 34.
Qd2 Ba4 35. Rb6 Qe7 36. Rc1 Bc6 37. Bb5 Rac8 38. Bxc6 bxc6 39. Qc3 Rc7 40. Qb4
Rf6 41. Ra1 Kh7 42. Raa6 Qd7 43. Qa4 Re6 44. Qf4 Qf7 45. h4 Re4 46. Qd6 Re6 47.
Qd8 Re8 48. Qd6 Re6 49. Qf4 Re4 50. Qf3 Qe6 51. Ra8 Rc4 52. Rbb8 Rc1+ 53. Kg2
Kg6 54. Re8 Re7 55. h5+ Kf6 56. Rf8+ Rf7 57. Rfe8 Re7 58. Rf8+ Rf7 59. Rae8
Rxf8 60. Rxf8+ Ke7 61. Rxf5 Rc4 62. g4 Qe4 63. Rf7+ Ke6 64. Rxg7 Qxf3+ 65. Kxf3
Rxc5 66. Rg6+ Kf7 67. Rxh6 Rc4 68. Rd6 Kg7 69. Kg3 Rc2 70. g5 c5 71. Rd7+ Kg8
72. g6 c4 73. h6 Kf8 74. h7 Ke8 75. Rf7 1-0

[Event "Eesti U16"]
[Site "Narva"]
[Date "2019.05.31"]
[Round "4.6"]
[White "Nazarov, Vladislav"]
[Black "Rõtshagov, Nikita"]
[Result "1/2-1/2"]
[WhiteElo "1755"]
[BlackElo "1798"]
[PlyCount "38"]
[EventDate "2019.05.30"]
[EventRounds "7"]
[EventCountry "EST"]
[SourceVersionDate "2019.11.23"]

1. c4 e6 2. d4 d5 3. Nc3 Nf6 4. Bg5 Be7 5. Nf3 h6 6. Bxf6 Bxf6 7. cxd5 exd5 8.
e3 O-O 9. Bd3 c6 10. O-O Be7 11. Qc2 Bd6 12. h3 Qe7 13. a3 Nd7 14. Rac1 Nf6 15.
Rfe1 Be6 16. Na4 Rfd8 17. Nc5 Bxc5 18. Qxc5 Qxc5 19. Rxc5 Kf8 1/2-1/2

[Event "Eesti U16"]
[Site "Narva"]
[Date "2019.05.31"]
[Round "4.7"]
[White "Rikas, Artur"]
[Black "Uibokant, Karl Oskar"]
[Result "1-0"]
[WhiteElo "1756"]
[BlackElo "1724"]
[PlyCount "92"]
[EventDate "2019.05.30"]
[EventRounds "7"]
[EventCountry "EST"]
[SourceVersionDate "2019.11.23"]

1. e4 e5 2. Nf3 Nc6 3. c3 Nf6 4. d4 exd4 5. e5 Nd5 6. cxd4 Bb4+ 7. Bd2 Bxd2+ 8.
Nbxd2 O-O 9. Bc4 Nb6 10. Bb3 d6 11. O-O dxe5 12. d5 Nxd5 13. Nc4 Nf4 14. Qxd8
Rxd8 15. Ncxe5 Nxe5 16. Nxe5 Be6 17. Rfd1 Bxb3 18. axb3 f6 19. Nc4 Rd3 20. g3
Rxd1+ 21. Rxd1 Ne6 22. Na5 Rb8 {halvasti loetav} 23. f4 Kf7 24. f5 Nf8 25. Kf2
c6 26. Rd4 c5 27. Rd6 b6 28. Nc6 Ra8 29. Kf3 Ke8 30. Ke4 a6 31. Kd5 Rc8 32. b4
cxb4 33. Nxb4 Rc5+ 34. Kd4 Rb5 35. Kc3 a5 36. Nd5 Rc5+ 37. Kd4 Rc2 38. Rxb6 Nd7
39. Rb5 a4 40. Nc3 Rd2+ 41. Ke4 Rxh2 42. Nxa4 Rg2 43. Rb3 h5 44. Rf3 Ne5 45.
Re3 Nc4 46. Re1 Nxb2 1-0

[Event "Eesti U16"]
[Site "Narva"]
[Date "2019.05.31"]
[Round "4.8"]
[White "Krivenko, Dion"]
[Black "Naestema, Joonas Aditya"]
[Result "1-0"]
[WhiteElo "1746"]
[BlackElo "1582"]
[PlyCount "117"]
[EventDate "2019.05.30"]
[EventRounds "7"]
[EventCountry "EST"]
[SourceVersionDate "2019.11.23"]

1. e4 d5 2. exd5 Nf6 3. d4 Nxd5 4. c4 Nb6 5. Nf3 g6 6. h3 Bg7 7. Nc3 O-O 8. Be3
Nc6 9. Qd2 Bf5 10. g4 Bc8 11. O-O-O a5 12. Bh6 a4 13. Bxg7 Kxg7 14. d5 Na5 15.
c5 Nd7 16. Qd4+ Kg8 17. Nxa4 b6 18. c6 Nf6 19. Bb5 Ba6 20. Bxa6 Rxa6 21. Nc3 b5
22. h4 Qb8 23. h5 b4 24. Ne4 b3 25. Nxf6+ exf6 26. a3 Qb5 27. h6 Qe2 28. Nd2
Qe7 29. Ne4 Rd8 30. Nxf6+ Kh8 31. Nd7+ f6 32. Rhe1 Nxc6 33. Rxe7 Nxd4 34. Rxd4
Rd6 35. Nc5 c6 36. Nxb3 cxd5 37. Rc7 g5 38. Kd2 Rb6 39. Kc3 Rbb8 40. Ra4 f5 41.
Raa7 d4+ 42. Nxd4 Rbc8 43. Nxf5 Rf8 44. b4 Rxc7+ 45. Rxc7 Ra8 46. a4 Kg8 47.
Rg7+ Kh8 48. a5 Ra6 49. Rc7 Kg8 50. Kc4 Ra8 51. Ne7+ Kf7 52. Nd5+ Kg8 53. Nb6
Ra6 54. Kb5 Ra8 55. Nxa8 Kh8 56. a6 Kg8 57. a7 Kf8 58. Nb6 Ke8 59. a8=Q# 1-0

[Event "Eesti U16"]
[Site "Narva"]
[Date "2019.05.31"]
[Round "4.9"]
[White "Lainevool, Mirko"]
[Black "Tõnisson, Trent Asso"]
[Result "0-1"]
[WhiteElo "1467"]
[BlackElo "1732"]
[PlyCount "82"]
[EventDate "2019.05.30"]
[EventRounds "7"]
[EventCountry "EST"]
[SourceVersionDate "2019.11.23"]

1. e4 c5 2. Nc3 Nc6 3. Bb5 d6 4. Bxc6+ bxc6 5. f4 e6 6. Nf3 d5 7. d3 Bd6 8. O-O
Ne7 9. Qe1 Ba6 10. Ne5 Bxe5 11. fxe5 Ng6 12. Qg3 Qb8 13. Na4 Qb4 14. Nc3 Rb8
15. Qf2 Rb7 16. exd5 cxd5 17. Nd1 O-O 18. Bf4 Rc8 19. Bg3 Qd4 20. Qxd4 cxd4 21.
Rc1 Bxd3 22. Rf2 Rbc7 23. c3 dxc3 24. Rxc3 Rxc3 25. bxc3 Ne7 26. Rd2 Bb5 27.
Bf2 a6 28. Bd4 g6 29. Ne3 Kg7 30. Kf2 Nf5 31. Nxf5+ gxf5 32. Kf3 h6 33. Kf4 Kh7
34. g3 Rg8 35. h3 Bf1 36. Rh2 a5 37. h4 a4 38. Rb2 Bc4 39. a3 Bb3 40. Re2 Rg4+
41. Kf3 Bd1 0-1

[Event "Eesti U16"]
[Site "Narva"]
[Date "2019.05.31"]
[Round "4.10"]
[White "Snitsarenko, Igor"]
[Black "Mihhailov, Nikita"]
[Result "1-0"]
[WhiteElo "1768"]
[BlackElo "1691"]
[PlyCount "77"]
[EventDate "2019.05.30"]
[EventRounds "7"]
[EventCountry "EST"]
[SourceVersionDate "2019.11.23"]

1. e4 c6 2. Nc3 d5 3. Nf3 Bg4 4. h3 Bh5 5. exd5 cxd5 6. Bb5+ Nc6 7. O-O e6 8.
d4 a6 9. Bxc6+ bxc6 10. Bf4 Nf6 11. Qd3 Bxf3 12. Qxf3 Bd6 13. Be5 c5 14. Qg3
Bxe5 15. dxe5 Nh5 16. Qg4 g6 17. Rad1 Ng7 18. Ne4 Kf8 19. Nxc5 Qc7 20. Qb4 Kg8
21. Rfe1 Nf5 22. Rd3 Rb8 23. Qa3 Rb5 24. Rc3 d4 25. Nxe6 Qb8 26. Rc6 fxe6 27.
Qxa6 Rxe5 28. Rc8+ Kg7 29. Rxb8 Rxe1+ 30. Kh2 Rxb8 31. Qa7+ Kf6 32. Qxb8 Re2
33. Qf4 e5 34. Qf3 Rxc2 35. g4 e4 36. Qxe4 Rxf2+ 37. Kg1 Rf1+ 38. Kg2 Ne3+ 39.
Qxe3 1-0

[Event "Eesti U16"]
[Site "Narva"]
[Date "2019.05.31"]
[Round "4.11"]
[White "Padari, Tuudur Jakob"]
[Black "Kõlar, Karl Ustav"]
[Result "1/2-1/2"]
[WhiteElo "1592"]
[BlackElo "1664"]
[PlyCount "84"]
[EventDate "2019.05.30"]
[EventRounds "7"]
[EventCountry "EST"]
[SourceVersionDate "2019.11.23"]

1. d4 d5 2. Nf3 Nf6 3. e3 Bg4 4. Be2 e6 5. O-O c5 6. b3 Nc6 7. Bb2 Bd6 8. c4
O-O 9. dxc5 Bxc5 10. Nbd2 Qc7 11. Bxf6 gxf6 12. cxd5 exd5 13. Qc2 Ne5 14. Rac1
Rac8 15. Nd4 Bxe2 16. Nxe2 Qb6 17. Nf3 Nxf3+ 18. gxf3 Kh8 19. Kh1 Rg8 20. Qd3
Qd8 21. Rcd1 Qe7 22. Rg1 Rxg1+ 23. Rxg1 Qd7 24. Qc3 Be7 25. Qd2 Qf5 26. Nd4 Qh5
27. f4 Rg8 28. Rxg8+ Kxg8 29. f3 Bc5 30. Qg2+ Qg6 31. Nc2 Qxg2+ 32. Kxg2 a5 33.
Kg3 Kg7 34. Kg4 Kg6 35. f5+ Kg7 36. h3 Bd6 37. e4 dxe4 38. fxe4 Bc5 39. Ne1 Kf8
40. Ng2 Bb4 41. Nf4 Bd2 42. Nd5 Kg7 1/2-1/2

[Event "Eesti U16"]
[Site "Narva"]
[Date "2019.06.01"]
[Round "5.1"]
[White "Pedmanson, Albert"]
[Black "Sinitsõna, Anastassia"]
[Result "1/2-1/2"]
[WhiteElo "1861"]
[BlackElo "2126"]
[PlyCount "53"]
[EventDate "2019.05.30"]
[EventRounds "7"]
[EventCountry "EST"]
[SourceVersionDate "2019.11.23"]

1. e4 e5 2. Nf3 Nc6 3. d4 exd4 4. Bc4 Nf6 5. O-O d6 6. Nxd4 Ne5 7. Bb3 Be7 8.
f4 Ng6 9. Qd3 O-O 10. c4 Nd7 11. Nc3 Nc5 12. Qe3 c6 13. Bc2 a5 14. Qf2 Bf6 15.
Be3 Re8 16. Rad1 Qe7 17. e5 dxe5 18. Nf5 Bxf5 19. Bxc5 Qe6 20. Rd6 Qxc4 21.
Bxf5 Nxf4 22. g3 Nd5 23. Ne4 Qxa2 24. Nxf6+ Nxf6 25. Rxf6 gxf6 26. Qe3 Kg7 27.
Bxh7 1/2-1/2

[Event "Eesti U16"]
[Site "Narva"]
[Date "2019.06.01"]
[Round "5.2"]
[White "Pedoson, Georg Aleksander"]
[Black "Timoshin, Andrei"]
[Result "0-1"]
[WhiteElo "2179"]
[BlackElo "2158"]
[PlyCount "60"]
[EventDate "2019.05.30"]
[EventRounds "7"]
[EventCountry "EST"]
[SourceVersionDate "2019.11.23"]

1. d4 d5 2. c4 c6 3. Nf3 Nf6 4. e3 g6 5. Nc3 Bg7 6. Bd3 O-O 7. Ne5 dxc4 8. Bxc4
b5 9. Be2 Bb7 10. O-O Nbd7 11. f4 a6 12. Bf3 Qc7 13. b4 Nb6 14. Bd2 Nfd5 15.
Ne4 Bxe5 16. fxe5 Nc4 17. Qe1 f6 18. Nc5 Bc8 19. e4 Nxd2 20. Qxd2 Nb6 21. Qh6
fxe5 22. Bh5 Rf6 23. Bxg6 hxg6 24. Rxf6 exf6 25. Qxg6+ Qg7 26. Qe8+ Kh7 27.
Qxc6 Bh3 28. g3 Qg5 29. Nd3 Qe3+ 30. Nf2 Rc8 0-1

[Event "Eesti U16"]
[Site "Narva"]
[Date "2019.06.01"]
[Round "5.3"]
[White "Aga, Rihard"]
[Black "Protassov, Vlad"]
[Result "0-1"]
[WhiteElo "2023"]
[BlackElo "2006"]
[PlyCount "52"]
[EventDate "2019.05.30"]
[EventRounds "7"]
[EventCountry "EST"]
[SourceVersionDate "2019.11.23"]

1. d4 d5 2. c4 e6 3. Nc3 Nf6 4. Nf3 h6 5. Bf4 Bd6 6. Bg3 a6 7. c5 Bxg3 8. hxg3
c6 9. b4 Nbd7 10. e3 Qe7 11. Nh4 Ne4 12. Qc2 Ndf6 13. Bd3 e5 14. Ne2 Nxf2 15.
Bf5 Nxh1 16. Bxc8 O-O 17. Bf5 exd4 18. O-O-O Qxe3+ 19. Kb1 Nxg3 20. Nxd4 Qf4
21. Ndf3 Qxb4+ 22. Kc1 Nxf5 23. Qxf5 Qe4 24. Qh3 Rae8 25. Rg1 Qg4 26. Qh2 Re2
0-1

[Event "Eesti U16"]
[Site "Narva"]
[Date "2019.06.01"]
[Round "5.4"]
[White "Orgse, Karl Kristofer"]
[Black "Krivenko, Dion"]
[Result "1-0"]
[WhiteElo "1813"]
[BlackElo "1746"]
[PlyCount "153"]
[EventDate "2019.05.30"]
[EventRounds "7"]
[EventCountry "EST"]
[SourceVersionDate "2019.11.23"]

1. e4 c5 2. Nc3 Nc6 3. f4 g6 4. Bb5 Nd4 5. Be2 Bg7 6. Nf3 e6 7. d3 Ne7 8. Be3
d6 9. Qd2 b6 10. Nd1 Nxf3+ 11. Bxf3 Bb7 12. c3 Qc7 13. Nf2 Rd8 14. O-O O-O 15.
Rad1 d5 16. Qc2 Rc8 17. Rc1 Qb8 18. Rce1 Rfd8 19. Bc1 d4 20. Bg4 Ba6 21. c4 Rc7
22. a3 b5 23. b3 Qb6 24. e5 Bb7 25. Ne4 Bxe4 26. Rxe4 Rb8 27. Qf2 bxc4 28. bxc4
Qb3 29. Qd2 Rcb7 30. Bd1 Qb6 31. g4 Qc6 32. Ree1 Qd7 33. Qg2 Rb1 34. Bc2 R1b6
35. Qe4 Kf8 36. Rf3 Ke8 37. Rh3 h6 38. Qg2 Qc6 39. Qxc6+ Nxc6 40. Ba4 Ke7 41.
Rf3 Rg8 42. Kg2 Ra6 43. Bb5 Rb6 44. Rf2 Rgb8 45. Kg3 a6 46. Ba4 Nd8 47. h4 f6
48. exf6+ Kxf6 49. Be8 Nf7 50. Ba4 Nd8 51. Re5 Rb1 52. Bd2 Rc8 53. Re1 Rxe1 54.
Bxe1 Rb8 55. Ba5 Nf7 56. Re2 Ke7 57. Bc7 Rb1 58. Bc6 Rb3 59. Be4 Nd6 60. Bxd6+
Kxd6 61. Bxg6 Rxa3 62. Rb2 Kc7 63. Be4 Bf6 64. Rb7+ Kd6 65. Rf7 Be7 66. g5 hxg5
67. fxg5 Ra1 68. Rf2 Rg1+ 69. Kh2 Rg4 70. Kh3 Rg1 71. Ra2 Ke5 72. g6 Kf4 73.
Rf2+ Ke3 74. Rf7 Bd6 75. h5 Bf4 76. g7 Bh6 77. Bg6 1-0

[Event "Eesti U16"]
[Site "Narva"]
[Date "2019.06.01"]
[Round "5.5"]
[White "Tõnisson, Trent Asso"]
[Black "Rikas, Artur"]
[Result "1/2-1/2"]
[WhiteElo "1732"]
[BlackElo "1756"]
[PlyCount "43"]
[EventDate "2019.05.30"]
[EventRounds "7"]
[EventCountry "EST"]
[SourceVersionDate "2019.11.23"]

1. e4 e6 2. d4 d5 3. Nc3 Bb4 4. exd5 exd5 5. Nf3 Ne7 6. Bd2 O-O 7. Bd3 Nbc6 8.
a3 Bxc3 9. bxc3 Bf5 10. O-O Qd7 11. Bf4 f6 12. Rb1 b6 13. Bxf5 Nxf5 14. Qd3
Rfe8 15. Bxc7 Rac8 16. Bf4 Nd6 17. Bxd6 Qxd6 18. c4 Na5 19. cxd5 Qxd5 20. Nd2
Rc7 21. Rfc1 Rec8 22. c3 1/2-1/2

[Event "Eesti U16"]
[Site "Narva"]
[Date "2019.06.01"]
[Round "5.7"]
[White "Rõtshagov, Nikita"]
[Black "Snitsarenko, Igor"]
[Result "1/2-1/2"]
[WhiteElo "1798"]
[BlackElo "1768"]
[PlyCount "37"]
[EventDate "2019.05.30"]
[EventRounds "7"]
[EventCountry "EST"]
[SourceVersionDate "2019.11.23"]

1. e4 c5 2. Nf3 e6 3. d4 cxd4 4. Nxd4 Nc6 5. Nc3 Qc7 6. Be3 a6 7. a3 Nf6 8. f4
d5 9. e5 Nd7 10. Be2 Nxd4 11. Bxd4 Bc5 12. Bxc5 Nxc5 13. Qd4 Bd7 14. O-O Rc8
15. Kh1 Ne4 16. Nxe4 dxe4 17. c3 Bc6 18. Qc5 Bd5 19. Qe3 1/2-1/2

[Event "Eesti U16"]
[Site "Narva"]
[Date "2019.06.01"]
[Round "5.8"]
[White "Shnurov, Daniil"]
[Black "Nazarov, Vladislav"]
[Result "1/2-1/2"]
[WhiteElo "1719"]
[BlackElo "1755"]
[PlyCount "48"]
[EventDate "2019.05.30"]
[EventRounds "7"]
[EventCountry "EST"]
[SourceVersionDate "2019.11.23"]

1. c4 c5 2. Nf3 Nf6 3. Nc3 e6 4. g3 b6 5. Bg2 Bb7 6. O-O Be7 7. e3 O-O 8. d4
cxd4 9. Nxd4 Bxg2 10. Kxg2 Nc6 11. b3 a6 12. Bb2 Qc7 13. Nxc6 dxc6 14. Qf3 Rad8
15. Rad1 h6 16. Ne4 Nxe4 17. Qxe4 Rfe8 18. Qg4 Bf8 19. Bf6 Rxd1 20. Rxd1 c5 21.
Bc3 Rd8 22. Be5 Qc6+ 23. Kg1 Rxd1+ 24. Qxd1 Qe4 1/2-1/2

[Event "Eesti U16"]
[Site "Narva"]
[Date "2019.06.01"]
[Round "5.9"]
[White "Naestema, Joonas Aditya"]
[Black "Uibokant, Karl Oskar"]
[Result "1/2-1/2"]
[WhiteElo "1582"]
[BlackElo "1724"]
[PlyCount "112"]
[EventDate "2019.05.30"]
[EventRounds "7"]
[EventCountry "EST"]
[SourceVersionDate "2019.11.23"]

1. e4 e5 2. Nf3 Nc6 3. Bc4 Bc5 4. c3 Nf6 5. d4 exd4 6. e5 d5 7. Bb5 Ne4 8. cxd4
Bb4+ 9. Bd2 Nxd2 10. Nbxd2 O-O 11. O-O Bg4 12. Qa4 Bxd2 13. Nxd2 Qg5 14. f4 Qg6
15. Nf3 Ne7 16. Bd7 Nf5 17. Qc2 c6 18. Nh4 Nxh4 19. Qxg6 hxg6 20. Bxg4 Nf5 21.
Bxf5 gxf5 22. b4 a5 23. b5 cxb5 24. Rfb1 b4 25. a3 b5 26. axb4 axb4 27. Rxa8
Rxa8 28. Rxb4 Ra4 29. Rxb5 Rxd4 30. Rb8+ Kh7 31. g3 Rd1+ 32. Kg2 Rd2+ 33. Kh3
d4 34. Rd8 d3 35. g4 fxg4+ 36. Kxg4 g6 37. h4 Kg7 38. Kf3 Rd1 39. Ke3 Rh1 40.
Rxd3 Rxh4 41. Rd8 Rh3+ 42. Ke4 Rh4 43. Ke3 Rh1 44. Kf3 Ra1 45. Kg4 Ra3 46. Rc8
Ra1 47. Kf3 Re1 48. Rd8 g5 49. Kg4 Rg1+ 50. Kf3 Rf1+ 51. Kg4 gxf4 52. Rd3 Kg6
53. Rd6+ Kg7 54. Rf6 Re1 55. Kxf4 Rf1+ 56. Kg5 Rxf6 1/2-1/2

[Event "Eesti U16"]
[Site "Narva"]
[Date "2019.06.01"]
[Round "5.10"]
[White "Kõlar, Karl Ustav"]
[Black "Lainevool, Mirko"]
[Result "1-0"]
[WhiteElo "1664"]
[BlackElo "1467"]
[PlyCount "37"]
[EventDate "2019.05.30"]
[EventRounds "7"]
[EventCountry "EST"]
[SourceVersionDate "2019.11.23"]

1. e4 e5 2. Nc3 Nf6 3. f4 d5 4. fxe5 Nxe4 5. Qf3 f5 6. d4 Nc6 7. Bb5 Qd7 8.
Nge2 a6 9. Ba4 Bb4 10. O-O O-O 11. Bb3 Bxc3 12. bxc3 Ne7 13. c4 c6 14. cxd5
cxd5 15. c4 Kh8 16. cxd5 Nxd5 17. Qxe4 Nf6 18. Qh4 Ne4 19. Qxe4 1-0

[Event "Eesti U16"]
[Site "Narva"]
[Date "2019.06.01"]
[Round "5.11"]
[White "Sizov, Lev"]
[Black "Padari, Tuudur Jakob"]
[Result "1/2-1/2"]
[WhiteElo "1567"]
[BlackElo "1592"]
[PlyCount "79"]
[EventDate "2019.05.30"]
[EventRounds "7"]
[EventCountry "EST"]
[SourceVersionDate "2019.11.23"]

1. d4 d5 2. c4 e6 3. Nc3 Nf6 4. Bg5 Be7 5. Nf3 O-O 6. e3 Nbd7 7. Be2 b6 8. cxd5
Nxd5 9. Nxd5 exd5 10. Bxe7 Qxe7 11. O-O Nf6 12. Qc2 Bb7 13. Rac1 Rac8 14. Ne5
c5 15. Qa4 a5 16. Ng4 Nxg4 17. Bxg4 f5 18. Bf3 c4 19. g3 Bc6 20. Qd1 b5 21. a3
Bb7 22. Qd2 b4 23. Ra1 c3 24. bxc3 bxc3 25. Qc2 g6 26. Rfc1 Rc7 27. Qb3 Qd6 28.
Rxc3 a4 29. Qb2 Rxc3 30. Qxc3 Rc8 31. Qb4 Qxb4 32. axb4 Ra8 33. b5 a3 34. Be2
Kf8 35. Kf1 Ke8 36. Ke1 Kd7 37. Kd2 Kc7 38. Ra2 Kb6 39. Kc3 Bc8 40. Kb4 1/2-1/2

[Event "Eesti U16"]
[Site "Narva"]
[Date "2019.06.01"]
[Round "6.1"]
[White "Protassov, Vlad"]
[Black "Sinitsõna, Anastassia"]
[Result "1-0"]
[WhiteElo "2006"]
[BlackElo "2126"]
[PlyCount "79"]
[EventDate "2019.05.30"]
[EventRounds "7"]
[EventCountry "EST"]
[SourceVersionDate "2019.11.23"]

1. d4 Nf6 2. c4 g6 3. Nc3 Bg7 4. e4 O-O 5. Be2 d6 6. Be3 Nbd7 7. f3 c5 8. d5 a6
9. Nh3 Re8 10. O-O Nf8 11. Nf2 e5 12. Qd2 h5 13. f4 exf4 14. Bxf4 Qe7 15. h3
N8h7 16. Bf3 Nd7 17. Nd3 Ne5 18. Nxe5 Bxe5 19. Rab1 Nf8 20. Bg5 Qc7 21. Ne2 Nd7
22. Nf4 Bg7 23. Bxh5 gxh5 24. Nxh5 Re5 25. Qf4 f6 26. Nxg7 Kxg7 27. Bxf6+ Nxf6
28. Qxf6+ Kh7 29. Qf8 Re7 30. Rf4 Rg7 31. Rh4+ Kg6 32. Rf1 Qe7 33. Qh8 Rh7 34.
Rxh7 Qxh7 35. Rf6+ Kg5 36. Qxh7 Kxf6 37. Qh8+ Ke7 38. e5 dxe5 39. Qxe5+ Kd8 40.
d6 1-0